| 000 | 00569nam a22001937a 4500 | ||
|---|---|---|---|
| 003 | OSt | ||
| 005 | 20180116183058.0 | ||
| 008 | 161026b xxu||||| |||| 00| 0 eng d | ||
| 020 | _a9780446539791 | ||
| 040 | _c0 | ||
| 082 | _a813.54 LUS 2010 | ||
| 100 | _aLustbader,Eric Van | ||
| 245 |
_aRobert Ludlum's The Bourne Objective : _bA New Jason Bourne Novel _cEric Van Lustbader |
||
| 260 |
_aNew York Boston _bVISION _c2010 |
||
| 300 |
_a551p. _bPB. |
||
| 440 | _aRobert Ludlum's The Bourne Objective :A New Jason Bourne Novel | ||
| 500 | _aPB. | ||
| 942 |
_2ddc _cBK |
||
| 999 |
_c351908 _d351908 |
||